ՀՀ Գիտությունների ազգային ակադեմիայի հիմնարար գիտական գրադարան  =   Fundamental Scientific Library of NAS RA

Ալպոմ սրբազան տեղեաց Երուսաղէմ : (Record no. 346313)

MARC details
000 -LEADER
fixed length control field 00647nam a2200181 a 4500
001 - CONTROL NUMBER
control field 001066734
003 - CONTROL NUMBER IDENTIFIER
control field AM-YeHGA
005 - DATE AND TIME OF LATEST TRANSACTION
control field 20250617151153.0
008 - FIXED-LENGTH DATA ELEMENTS--GENERAL INFORMATION
fixed length control field 150318s1929 |||b r 000 0 arm d
040 ## - CATALOGING SOURCE
Original cataloging agency AM-YeHGA
090 ## - LOCALLY ASSIGNED LC-TYPE CALL NUMBER (OCLC); LOCAL CALL NUMBER (RLIN)
-- 348114
100 0# - MAIN ENTRY--PERSONAL NAME
Personal name Տէր-Վարդանեան, Յ.
245 10 - TITLE STATEMENT
Title Ալպոմ սրբազան տեղեաց Երուսաղէմ :
Remainder of title Albwum des lieux saints Jerusalem /
Statement of responsibility, etc. Պատր. Յ. Տէր-Վարդանեան.
246 31 - VARYING FORM OF TITLE
Title proper/short title Albwim des lieux saints Jerusalem
260 ## - PUBLICATION, DISTRIBUTION, ETC.
Place of publication, distribution, etc. Երուսաղեմ :
Name of publisher, distributor, etc. Ա. հ.,
Date of publication, distribution, etc. 1929.
300 ## - PHYSICAL DESCRIPTION
Extent 16 էջ :
Other physical details 15 էջ նկ.
650 14 - SUBJECT ADDED ENTRY--TOPICAL TERM
Topical term or geographic name entry element Սրբավայրեր, վանքեր - Ալբոմներ
Holdings
Withdrawn status Lost status Source of classification or shelving scheme Damaged status Not for loan Collection Home library Current library Date acquired Total checkouts Full call number Barcode Date last seen Price effective from Koha item type Public note
    Universal Decimal Classification     Pogharian Individual Collection Fundamental Scientific Library Fundamental Scientific Library 09/01/2017   Պող/786 FL0327215 09/01/2017 09/01/2017 Գրքեր / Books ILL Non-Circ.


ՀՀ ԳԱԱ հիմնարար գիտական գրադարան
ՀՀ,Երևան 0019
Մարշալ Բաղրամյան 24/6
հեռախոս:(374-10) 52-47-50
Հետադարձ կապ

All site content, except where otherwise noted, is licensed under a
Creative Commons License